| 000 | 00976cam a22002775i 4500 | ||
|---|---|---|---|
| 999 |
_c17826 _d17798 |
||
| 003 | EG-ScBUE | ||
| 005 | 20210121152726.0 | ||
| 008 | 131210s2012 ua g 000 f ara d | ||
| 017 | _a2011 / 24918 | ||
| 020 | _a9789770929605 | ||
| 040 |
_aEG-ScBUE _bara _erda _cEG-ScBUE _dEG-ScBUE |
||
| 082 | 0 | 4 |
_a892.736 _bف ش ي _222 |
| 100 | 1 |
_aفشير، عز الدين شكري، _d1966- _eمؤلف. _934599 |
|
| 245 | 1 | 0 |
_aغرفة العناية المركزة / _bعز الدين شكري فشير. |
| 246 | 3 | 4 |
_aغرفة العناية المركزة : _bرواية |
| 250 | _aالطبعة الثانية. | ||
| 264 | 1 |
_aالقاهرة : _bدار الشروق، _c2012. |
|
| 300 |
_a302 صفحة ؛ _c20 سم |
||
| 336 |
_aنص _btxt _2rdacontent |
||
| 337 |
_aبدون وسيط _bn _2rdamedia |
||
| 338 |
_aمجلد _bnc _2rdacarrier |
||
| 650 | 7 |
_aالقصص العربية _yقرن 21. _2BUEsh |
|
| 651 | _2BUEsh | ||
| 653 |
_bARALIT _bGGEN _cDecember2013 |
||
| 942 |
_2ddc _cBB |
||